Gaming Quiz

Random Gaming Quiz

Can you name these video game robots Quiz Stats

 Plays Quiz not verified by Sporcle

Challenge
Share
Tweet
Score 0/15 Timer 05:00
0 Plays Today
% Correct
Mega Man
100%
R.O.B
83%
GLaDos
79.2%
Metal Sonic
73.6%
Metal Gear Ray
54.7%
Quadraxis
45.3%
Mettaton
35.8%
QQQ
35.8%
% Correct
Megaleg
28.3%
Metal Face
24.5%
Guard Scorpion
22.6%
Krobot
18.9%
Atomic Power Robot
17%
Ancient Robot
15.1%
HR-H
15.1%

You're not logged in!

Compare scores with friends on all Sporcle quizzes.
Join for Free
OR
Log In

You Might Also Like...

Show Comments

Extras

Created Aug 11, 2016ReportNominate
Tags:robot, video

Top Quizzes Today


Score Distribution

Your Account Isn't Verified!

In order to create a playlist on Sporcle, you need to verify the email address you used during registration. Go to your Sporcle Settings to finish the process.

Report this User

Report this user for behavior that violates our Community Guidelines.

Details: